00580nam a22001815i 450000100060000000300090000600500170001500700030003200800410003504000200007610000390009624500580013526000960019330000270028949000290031683000290034585200240037453172ES-MaACL20250714080903.0t|950912s1861 fr ||||1| fre d aCAM bspa cCAM1 aDumas, Alexandre, d1802-1870eaut13aLe testament de M. Chauvelin / cpar Alexandre Dumas. aParis : bMichel Lévy, fréres, c1861 (eLagny : ftypographie de A. Varigault et Cie.) a[2], 273 p. ; c20 cm.1 aCollection Michel Lévy00aCollection Michel Lévy aES-MaACLjT-885-F-1